000 00620nam a2200229 i 4500
001 bg
100 1 _aKRUCZALAK, Kazimierz
245 1 0 _aPrawo handlowe :
_bzarys wykładu /
_cKazimierz Kruczalak.
250 _aWyd. 2 zm.
260 _aWarszawa :
_bWydawnictwa Prawnicze PWN,
_c1996.
300 _a515, [1] s. ;
_c24 cm.
504 _aZsfassung.
650 9 _aPrawo handlowe
_zPolska
655 _aPodręczniki akademickie
020 _a8386702141
040 _cBPK
041 0 _apl
_bde
080 _a347.7(438)(075.8)
920 _a83-86702-14-1
942 _cKS
008 s pl f |000 0 pol
999 _c31391
_d31391
856 _uhttp://koha.tu.koszalin.pl/cgi-bin/koha/opac-detail.pl?biblionumber=31391
_yKatalog online BPK